Memoria anual 2010: M2010

Gardado en:
Detalles Bibliográficos
Autor Corporativo: Universidad de Aconcagua (Author)
Formato: Libro
Idioma:Lingua castelá
Publicado: Universidad de Aconcagua 2010
Subjects:
Tags: Engadir etiqueta
Sen Etiquetas, Sexa o primeiro en etiquetar este rexistro!

MARC

LEADER 00000cam a2200000 a 4500
001 UCF0994
003 CL-VaPUC
008 120614e20100000CL |||||||||||||||||spa|d
082 0 4 |a 378.0483  |b UNI  |2 21 
110 2 |a Universidad de Aconcagua  |e author  |9 562678 
245 1 0 |a Memoria anual 2010: M2010 
300 |a 36 p 
942 |c BK 
945 |d 20120614 00:00:00  |a dcastane 
260 |b Universidad de Aconcagua  |c 2010 
650 0 |a Universidades  |9 256317 
650 0 |a Educación superior   |9 223851 
650 0 |a Universidades chilenas  |9 407335 
650 0 |a Historia de la educación   |9 257642 
583 |a last modification  |c 20130325 05:09:32  |k Rodrigo Vera 
999 |c 348020  |d 348018 
952 |0 0  |1 0  |4 0  |6 378_048300000000000_UNI_2010  |7 0  |8 A  |9 449874  |a BIBGIM  |b BIBGIM  |d 2019-11-22  |i 4845781  |o 378.0483 UNI 2010  |p 4845781  |r 2025-01-15  |w 2019-11-22  |y BK  |k GIM